Clean surfaces : their preparation and characterization for interfacial studies /
Guardado en:
| Autor Corporativo: | |
|---|---|
| Otros Autores: | |
| Formato: | Libro |
| Idioma: | English |
| Publicado: |
New York :
M. Dekker,
1970.
|
| Materias: | |
| Etiquetas: |
Agregar Etiqueta
Sin Etiquetas, Sea el primero en etiquetar este registro!
|
| LEADER | 01067cam a2200241 a 4500 | ||
|---|---|---|---|
| 001 | EIQ.libpla000586 | ||
| 008 | 700812s1970####nyuao####b####101#0#eng## | ||
| 005 | 20060519151604.0 | ||
| 245 | 0 | 0 | |a Clean surfaces : |b their preparation and characterization for interfacial studies / |c edited by George Goldfinger. |
| 260 | |a New York : |b M. Dekker, |c 1970. | ||
| 300 | |a xix, 385 p. : |b il., fotos ; |c 24 cm. | ||
| 500 | |a Contiene la versión ampliada y revisada de papers presentados en el simposio realizado en la Universidad de Carolina del Norte, Raleigh. | ||
| 504 | |a Incluye referencias bibliográficas e índice. | ||
| 700 | 1 | |a Goldfinger, George, |d 1911- |4 edt |e ed. | |
| 711 | 2 | |a Symposium |d (1968 : |c North Carolina State University, Raleigh) | |
| 082 | 0 | 0 | |a 541/.3453 |
| 650 | 0 | |a Química de superficies |x Congresos. | |
| 650 | 0 | |a Superficies (Tecnología) |x Congresos. | |
| 650 | 0 | |a Surfaces (Technology) |x Congresses. | |
| 650 | 0 | |a Surface chemistry |x Congresses. | |
| 010 | |a 69020009 | ||
| 040 | |a DLC |c DLC |d AR-BbSID | ||
| 859 | |a AR-BbSID |b BIB. PLAPIQUI |h 541.345 |i C 58 |p 1643 | ||
